01682nam a22002177a 4500999001500000020001600015020001900031050001600050100002200066245008500088250001200173260007200185300001400257505082600271650000601097700002401103942000701127952011001134952011001244952011001354 c4884d4884 a0195155548  a9780195155549  aHV9950bIn2 aJames A Inciardi; aStudy guide to accompany criminal justicecJames A Inciardi; Robert G Huckabee;  a7th ed. aOxford University New York, NY : bOxford University Press,c 2002. a184 pages a'Criminal Justice' in America Crime and Nature of law Legal and behavioral aspects of crime Criminal statistics and the extent of crime the process of justice: an overview Police systems in the United State Enforcing the law and keeping the peace The law arrest, search and seizure: police and constitution Beyond the limits of the law: police crime, corruption, and brutality The structure of American Court Judges, prosecutors and other performer at the Bar of Justice The business of the Court: From first appearance through trial Sentencing, appeal, and the judgment of death From Walnut street to Alcatraz The American Prison experience Penitentiaries, prisons, and other Correctional Institution Prison conditions and inmate rights Probation, parole, and community- based correction Juvenile Justice: an overview  a  aRobert G Huckabee;  cBK 001040708REFaMUCGLbMUCGLcGENd0000-00-00l0oHV9950 In2p22273r2019-01-25 00:00:00w2019-01-25yBK 001040708REFaMUCGLbMUCGLcGENd0000-00-00l0oHV9950 In2p22271r2019-01-25 00:00:00w2019-01-25yBK 001040708REFaMUCGLbMUCGLcGENd0000-00-00l0oHV9950 In2p22274r2019-01-25 00:00:00w2019-01-25yBK